000
00294nam a2200121Ia 4500
008
190216s9999||||xx |||||||||||||| ||und||
100
_a
Kumaranasan N
245
0
_a
Kumaranasante Padyakritikal Vol 1
260
_b
Sarada Book Depot
_c
1968
300
_a
567p
650
_a
Kavithkal
942
_c
BK
999
_c
24347
_d
24347